000 00965cam a22003017a 4500
003 CHAP
005 20220329134017.0
008 971013s1939 r 00010 d
010 _a14053
011 _a15025
035 _a19099
040 _cCHAP
082 _a338.17382
_bG6
100 0 0 _aGonzález H., Gonzalo.
_949023
245 1 3 _aLa producción de vainilla en México
260 _aMéxico, D.F. :
_bBanco Nacional de Crédito Agrícola,
_c1939
300 _a9 h.
_b: anexos
590 _aBATCH-UPD
_b10
_c20130110
_lUCH01
_h0221
590 _aBATCH-UPD
_b10
_c20130110
_lUCH01
_h2310
590 _aBATCH-UPD
_b10
_c20130409
_lUCH01
_h2242
590 _aBATCH-UPD
_b10
_c20130410
_lUCH01
_h1601
590 _aBATCH-UPD
_b10
_c20130914
_lUCH01
_h2059
590 _aCONVERSION
_b10
_c20130109
_lUCH01
_h1309
650 1 4 _aVainilla
_xAspectos económicos
_xMéxico.
_9117194
901 _aBK
942 _cLIBRO
949 _a338.17382 G6
_bBC
_cBPA
_d-44304
_eBPA
_i19099
_si
999 _c14053
_d14053